| 000 | 00447cam a22001457a 4500 | ||
|---|---|---|---|
| 008 | 180718b1966 xxu||||| |||| 00| 0 eng d | ||
| 082 | _aD C887 | ||
| 100 | _aCrozier, Brian | ||
| 245 |
_aStruggle for the third world _cby Brian Crozier |
||
| 260 |
_aLondon _bBodley Head _c1966 |
||
| 300 | _a156p. | ||
| 650 | _aChina --Foreign relations --Soviet Union | ||
| 650 | _aSoviet Union --Foreign relations --China | ||
| 650 | _aWorld politics --1965-1975 | ||
| 999 |
_c363341 _d363341 |
||